00808cam a2200169K 4500082001900000110001800019245021000037260005100247300003900298526003800337650001300375700003700388856006500425942001200490999001900502952011700521 a954.0357bWILL1 aIndia.93967910aIndia in 1920ba report prepared for presentation to Parliament in accordance with the requirements of the 26th section of the Government of India Act (5 & 6 Geo. V., Chap. 61)cby L.F. Rushbrook Williams. aCalcutta,bSuperintendent Govt. Print.,c1921. a1 online resource (275 p.)billus. a0b0c0d954_035700000000000_WILL aMCE93791 aRushbrook Williams, L. F.95033340uhttp://catalog.hathitrust.org/api/volumes/oclc/15865026.html 2ddccBK c553177d553177 00102ddc4070aMCEbMCEcArchive Sectiond2015-02-02l0o954.0357 WILLpMCE-ECI/46r2015-02-02w2015-02-02yBK